Biggest Non-Capital City To US States - Statistics

General Stats
  • This quiz has been taken 47 times
  • The average score is 39 of 49
Answer Stats
City Population State % Correct
Los Angeles 3,979,576 California
100%
Detroit 670,031 Michigan
100%
Houston 2,320,268 Texas
100%
Anchorage 293,531 Alaska
98%
East Honolulu 47,540 Hawaii
98%
Chicago 2,693,976 Illinois
98%
Las Vegas 651,319 Nevada
98%
Albuquerque 560,513 New Mexico
98%
New York City 8,336,817 New York
98%
Colorado Springs 478,221 Colorado
95%
New Orleans 390,144 Louisiana
95%
Baltimore 593,490 Maryland
95%
Cleveland 381,009 Ohio
93%
Memphis 651,073 Tennessee
93%
Milwaukee 590,157 Wisconsin
93%
Portland 654,741 / 66,595 Maine | Oregon
90%
Minneapolis 429,606 Minnesota
90%
Birmingham 209,403 Alabama
88%
Jacksonville 911,507 Florida
88%
Kansas City 495,327 Missouri
88%
Newark 282,011 New Jersey
88%
Fargo 124,662 North Dakota
88%
Philadelphia 1,584,064 Pennsylvania
88%
Seattle 753,675 Washington
88%
Charlotte 885,708 North Carolina
86%
Virginia Beach 449,974 Virginia
83%
Tucson 548,073 Arizona
81%
Louisville 617,638 Kentucky
81%
Omaha 478,192 Nebraska
81%
Charleston 137,566 South Carolina
79%
Augusta 197,888 Georgia
74%
Billings 109,577 Montana
74%
Bridgeport 144,399 Connecticut
71%
Wichita 389,938 Kansas
69%
Fort Wayne 270,402 Indiana
67%
Tulsa 401,190 Oklahoma
67%
Sioux Falls 183,793 South Dakota
67%
Cedar Rapids 133,562 Iowa
64%
Burlington 42,545 Vermont
64%
Casper 58,446 Wyoming
64%
Manchester 112,673 New Hampshire
62%
Gulfport 71,676 Mississippi
60%
Fort Smith 87,743 Arkansas
57%
Wilmington 70,644 Delaware
57%
Huntington 46,667 West Virginia
55%
Worcester 185,428 Massachusetts
52%
Meridian 114,161 Idaho
48%
Cranston 81,254 Rhode Island
45%
West Valley City 135,248 Utah
43%
No matching quizzes found
Score Distribution
Percent of People with Each Score
Percentile by Number Answered
Your Score History
You have not taken this quiz